| 000 | 01606nam0a22003131 4500 | ||
|---|---|---|---|
| 001 | rc\4387923 | ||
| 005 | 20130416145101.5 | ||
| 021 |
_aRU _b[58-27100ж] |
||
| 035 | _a(NLR Aleph) 008551857 | ||
| 090 |
_a8411350 _c8411350 |
||
| 100 | _a20130416d1958 |||y0rusy50 ca | ||
| 101 | 0 | _arus | |
| 102 | _aRU | ||
| 105 | _aa z ||||| | ||
| 200 | 1 |
_aМатериалы Всероссийской научной конференции по диэлектрикам и полупроводникам, (проходившей 27-30 июня 1955 г. в Ленинграде) _fРед. коллегия: проф. М.С. Косман (гл. ред.) [и др.] |
|
| 210 |
_aЛенинград _cБ. и. _d1958 |
||
| 215 |
_a265 с. _cил. _d21 |
||
| 225 | 1 |
_aМинистерство просвещения РСФСР. Ленинградский государственный педиатрический институт им. А.И. Герцена. Ученые записки _f[Кафедра общей физики] _vТ. 148 |
|
| 300 | _aНа обл. только загл. серии | ||
| 320 | _aБиблиогр. в конце статей | ||
| 606 |
_aПолупроводники _jСборники _2psbo |
||
| 606 |
_aДиэлектрики _jСборники _2psbo |
||
| 702 | 1 |
_aКосман _bМ. С. _4340 |
|
| 710 | 1 | 2 | _aВсероссийская научная конференция по диэлектрикам и полупроводникам (1955; Ленинград) |
| 801 | 0 |
_aRU _bNLR _gpsbo |
|
| 801 | 1 |
_aRU _bELAR _2rusmarc |
|
| 852 |
_aNLR _jП7/103 |
||
| 942 | _cBOOK | ||
| 980 | _aNB | ||